000 00295nam a2200109Ia 4500
008 200302s9999 xx 000 0 und d
100 _aTony Chapman (Ed.)
245 _aArchitecture 09- RIBA buildings of the year
260 _bMerrell Publishers Limited, London
260 _c2009
300 _a270 P
999 _c4418
_d4418